Unin̤ Europea e integracin̤ latinoamericana

Detalles Bibliográficos
Autor principal: Lp̤ez Velarde Campa, Jess︢ Armando
Formato: eBook
Lenguaje:español
Publicado: Ciudad de Mx̌ico: Cm̀ara de Diputados, 2014
Materias:
Acceso en línea:Acceso restringido

MARC

LEADER 00000nam a22000007a 4500
005 20171025161910.0
007 cr|||| ||||
008 171025s2014 mx |||||s|||| 00||0 spa d
020 |a 978-607-401-858-5 
035 |a 20756 
040 |a vLex 
090 |c 7140  |d 7140 
100 1 |a Lp̤ez Velarde Campa, Jess︢ Armando 
245 1 0 |a Unin̤ Europea e integracin̤ latinoamericana  |h [Recurso electrn̤ico] /  |c Jess︢ Armando Lp̤ez Velarde Campa  
256 |a Servicio en ln̕ea 
260 |a Ciudad de Mx̌ico:  |b Cm̀ara de Diputados,  |c 2014 
300 |a 1 recurso electrn̤ico (294p.) 
506 1 |a Disponible solo en los productos indicados  |d vLex Global  |d vLex Global (Academic Edition, excluding Law Schools)  |d vLex Global (U.S. Academic Edition, Law Schools)  |d vLex Global (U.S. Academic Edition, excluding Law Schools)  |d vLex Global (Academic Edition, Law Schools) 
650 0 4 |a Derecho Internacional  |z Mx̌ico 
650 0 4 |a Derecho Comunitario  |z Mx̌ico 
740 0 |a vLex Libros (Servicio en ln̕ea) 
856 4 0 |u http://vlex.com/source/union-europea-integracion-latinoamericana-20756  |z Acceso restringido 
942 |c BOOK 
999 0 |a International law 
999 0 |a Law--European Union countries